000 00478nam a2200181Ia 4500
008 090123s9999 xx 000 0 und d
082 _b2109
_a891.463/राजे
100 _aराजे शैलजा
245 _aन्याय
250 _a1
260 _bसुलभ मु.
300 _a155
600 _aराजे शैलजा
630 _aन्याय
700 _aराजे शैलजा
730 _aन्याय
942 _cBOOK
999 _c40193
_d40193